|
|
|
|
| LEADER |
00000cam a2200000 c 4500 |
| 001 |
091889367 |
| 003 |
DE-627 |
| 005 |
20260211101040.0 |
| 007 |
tu |
| 008 |
060101s1636 xx ||||| 00| ||ger c |
| 024 |
7 |
|
|a VD17 39:112458M
|2 vd17
|
| 026 |
|
|
|e o.en enne n.e- rese C 1636A
|2 fei
|
| 035 |
|
|
|a (DE-627)091889367
|
| 035 |
|
|
|a (DE-576)9091889365
|
| 035 |
|
|
|a (DE-599)GBVVDS000251992
|
| 035 |
|
|
|a (VD17)000251992
|
| 040 |
|
|
|a DE-627
|b ger
|c DE-627
|e rakwb
|
| 041 |
|
|
|a ger
|
| 084 |
|
|
|a 1
|2 ssgn
|
| 100 |
1 |
|
|0 (DE-588)104134933
|0 (DE-627)183348311
|0 (DE-576)17924468X
|4 aut
|a Lappe, Nicodemus
|d 1582-1663
|
| 109 |
|
|
|a Lappe, Nicodemus 1582-1663
|a Lappius, Nicodemus 1582-1663
|a Lappe, Nikodemus 1582-1663
|a Lappe, Nicolaus 1582-1663
|a Lappe, Nikolaus 1582-1663
|a Lapp, Nikolaus 1582-1663
|a Lapp, Nicodemus 1582-1663
|a Lapp, Nikodemus 1582-1663
|a Lapp, Nicolaus 1582-1663
|a N. L. 1582-1663
|
| 245 |
1 |
0 |
|a Hyems beate morientium transiens Das ist Derer selig im Herrn verstorbenen außgestandener Winter
|b Gewiesen und gepredigt zu Arnstadt in der Kirchen zun Barfüssern aus dem Hohen Lied Salomonis Cap. 2. v. 11. Bey der ... Leichbestattung/ Des ... Christophori Winterß/ Gewesenen Cuhr: und Fürstl. Sächsischen Hennebergischen Amptmanns und LandRichters zu Schleusingen/ So zu Arnstadt in seinem Exilio den 18. Martii des 1635, Jahrs ... verstorben/ und darauff doselbst den 20. Eiusdem als Freytag nach Iudica Christlichen und ehrlichen zur Erden bestattet worden:
|c Numehr uff begehren zum Truck verfertiget Durch M. Nicodemum Lappium, Pastorem und Superintendentem anjetzo doselbsten.
|
| 246 |
3 |
0 |
|a ausgestandener Kur- Amtmanns ejusdem Freitag Judica
|
| 264 |
|
1 |
|a Schleusingen/
|b Steinmann
|c 1636
|
| 300 |
|
|
|a [16] Bl
|c 4°
|
| 336 |
|
|
|a Text
|b txt
|2 rdacontent
|
| 337 |
|
|
|a ohne Hilfsmittel zu benutzen
|b n
|2 rdamedia
|
| 338 |
|
|
|a Band
|b nc
|2 rdacarrier
|
| 500 |
|
|
|a Schlüsselseiten aus Exemplar LP P 8° V, 18 (3) (UFB Erfurt/Gotha)
|
| 546 |
|
|
|a Beiträgertexte teilw. in lat. Sprache
|
| 601 |
|
|
|a Arnstadt
|
| 601 |
|
|
|a Henneberg
|
| 601 |
|
|
|a Schleusingen
|
| 601 |
|
|
|a Freytag, F. L. A.
|
| 655 |
|
7 |
|a Leichenpredigt
|0 (DE-627)09663216X
|2 local
|
| 700 |
1 |
|
|a Winter, Christoph
|4 oth
|
| 700 |
1 |
|
|a Reinholdt, Ludwig
|e BeiträgerIn
|4 ctb
|
| 700 |
1 |
|
|a Eisentraut, Matthaeus
|e BeiträgerIn
|4 ctb
|
| 700 |
1 |
|
|a Müller, Bartholomaeus
|e BeiträgerIn
|4 ctb
|
| 700 |
1 |
|
|a Sauerbey, Valentinus
|e BeiträgerIn
|4 ctb
|
| 700 |
1 |
|
|a Hartmann, Gabriel
|e BeiträgerIn
|4 ctb
|
| 700 |
1 |
|
|a Otto, Martinus
|e BeiträgerIn
|4 ctb
|
| 700 |
1 |
|
|a Güntherus, Samuel
|e BeiträgerIn
|4 ctb
|
| 700 |
1 |
|
|a Reyher, Andreas
|e BeiträgerIn
|4 ctb
|
| 700 |
1 |
|
|a Glümper, Wendelinus
|e BeiträgerIn
|4 ctb
|
| 700 |
1 |
|
|a Friderich, J.
|e BeiträgerIn
|4 ctb
|
| 700 |
1 |
|
|0 (DE-588)1037532996
|0 (DE-627)756100011
|0 (DE-576)391609742
|4 prt
|a Steinmann, Margareta
|d -1637
|
| 751 |
|
|
|a Schleusingen
|4 pup
|
| 856 |
4 |
1 |
|u http://digital.slub-dresden.de/id452964342
|x Digitalisierung
|z // 2015 digitalisiert von꞉ SLUB Dresden. Exemplar mit der Signatur꞉ Hist.Sax.E.255,misc.11
|z kostenfrei
|3 Volltext
|7 0
|
| 935 |
|
|
|a FBGO
|a mteo
|
| 951 |
|
|
|a BO
|
| ELC |
|
|
|b 1
|
| LOK |
|
|
|0 000 xxxxxcx a22 zn 4500
|
| LOK |
|
|
|0 001 4552081519
|
| LOK |
|
|
|0 003 DE-627
|
| LOK |
|
|
|0 004 091889367
|
| LOK |
|
|
|0 005 20260211100617
|
| LOK |
|
|
|0 008 240717||||||||||||||||ger|||||||
|
| LOK |
|
|
|0 040
|a DE-Tue135
|c DE-627
|d DE-Tue135
|
| LOK |
|
|
|0 092
|o n
|
| LOK |
|
|
|0 852
|a DE-Tue135
|
| LOK |
|
|
|0 852 1
|9 00
|
| LOK |
|
|
|0 866
|x SPQUE#Forschungsbibliothek Gotha#SPSAM#Leichenpredigten
|
| LOK |
|
|
|0 866
|x SPQUE#VD (Historische deutsche Nationalbibliographie)#SPSAM#VD17
|
| LOK |
|
|
|0 935
|a FBGO
|a golp
|a ixvd
|a ixv7
|
| LOK |
|
|
|0 939
|a 17-07-24
|b l01
|
| OAS |
|
|
|a 1
|
| ORI |
|
|
|a TA-MARC-ixtheoa001.raw
|